[Event "DSOL 2021"]
[Site "Germany"]
[Date "2021.02.23"]
[Round "4.4"]
[White "Gnegel, Boris-Igor"]
[Black "Prieb, Robert"]
[Result "0-1"]
[WhiteElo "1969"]
[BlackElo "2032"]
[Annotator "ChessBase"]
[PlyCount "90"]
[EventDate "2021.01.18"]
[EventType "team-tourn"]
[EventCountry "GER"]
[SourceTitle "playchess.com"]
[Source "ChessBase"]
[SourceQuality "1"]

1. e4 c5 2. c3 d5 3. exd5 Qxd5 4. d4 cxd4 5. cxd4 e5 6. Nc3 Qxd4 7. Be3 Qxd1+ 8. Rxd1 Bb4 9. Nf3 Nc6 10. Bb5 Bg4 11. O-O Nge7 12. Nd5 Bd6 13. Rd2 Bxf3 14. gxf3 Nxd5 15. Rxd5 Ke7 16. Rc1 Rac8 17. Bc5 Bxc5 18. Rdxc5 Kd6 19. b4 a6 20. Bf1 Rhd8 21. a4 Ne7 22. Bc4 Rxc5 23. bxc5+ Kc6 24. Bxf7 Rf8 25. Bb3 Rxf3 26. Bc2 Ra3 27. Be4+ Kc7 28. Rc4 Ra1+ 29. Kg2 g6 30. Rb4 Nc6 31. Rc4 a5 32. h4 Nb4 33. h5 gxh5 34. Bxh7 Rxa4 35. Bg6 Ra1 36. Bxh5 Nd5 37. Bf7 Nf4+ 38. Kf3 Nh3 39. Kg3 Ra3+ 40. f3 Ng5 41. Bd5 Nh7 42. c6 b5 43. Rg4 Nf6 44. Rg7+ Kd6 45. c7 Rc3 0-1

[Event "DSOL 2021"]
[Site "Germany"]
[Date "2021.02.23"]
[Round "4.4"]
[White "Hilck, Dirk"]
[Black "Beyerlein, Andreas"]
[Result "1/2-1/2"]
[WhiteElo "1967"]
[BlackElo "2169"]
[Annotator "ChessBase"]
[PlyCount "94"]
[EventDate "2021.01.18"]
[EventType "team-tourn"]
[EventCountry "GER"]
[SourceTitle "playchess.com"]
[Source "ChessBase"]
[SourceQuality "1"]

1. e4 c5 2. Nf3 d6 3. d4 cxd4 4. Nxd4 Nf6 5. Nc3 a6 6. h3 e5 7. Nde2 h5 8. Be3 Nbd7 9. g3 b5 10. Bg2 Bb7 11. Qd2 Nb6 12. b3 Be7 13. O-O O-O 14. Kh2 Qc7 15. Rac1 Rac8 16. Nd5 Nbxd5 17. exd5 Rfe8 18. c4 Qd7 19. cxb5 axb5 20. Nc3 b4 21. Na4 Qb5 22. Nb6 Rxc1 23. Rxc1 Rb8 24. Bf1 Qe8 25. Bc4 Bd8 26. Na4 Ba5 27. f4 exf4 28. Bxf4 Qe4 29. Re1 Qf3 30. Re3 Ng4+ 31. hxg4 Qxg4 32. Qe2 Qd7 33. Qxh5 Bd8 34. Qe2 Bf6 35. Bb5 Qf5 36. Re8+ Rxe8 37. Qxe8+ Kh7 38. Qe2 g6 39. Bc6 Bc8 40. Kg1 Bd4+ 41. Be3 Qb1+ 42. Kf2 Qf5+ 43. Qf3 Qc2+ 44. Qe2 Qf5+ 45. Kg1 Qb1+ 46. Kg2 Qe4+ 47. Kf2 Qf5+ 1/2-1/2

[Event "DSOL 2021"]
[Site "Germany"]
[Date "2021.02.22"]
[Round "4.4"]
[White "Steinbach, Wolfgang"]
[Black "Lin, Yi"]
[Result "1-0"]
[WhiteElo "1959"]
[BlackElo "2408"]
[Annotator "TA"]
[PlyCount "235"]
[EventDate "2021.01.18"]
[EventType "team-tourn"]
[EventCountry "GER"]
[SourceTitle "playchess.com"]
[Source "ChessBase"]
[SourceQuality "1"]

1. Nf3 d6 2. c4 Nf6 3. g3 Nbd7 4. Bg2 e5 5. d3 Be7 6. O-O O-O 7. Nc3 c6 8. e4 Re8 9. Nh4 Nf8 10. Nf5 Ng6 11. Nxe7+ Qxe7 12. h4 Nf8 13. Bg5 Ne6 14. Bd2 Nd4 15. Ne2 Bg4 16. f3 Nxe2+ 17. Qxe2 Be6 18. g4 Nd7 19. Bg5 f6 20. Be3 Kh8 21. Qf2 b6 22. Rfd1 Rad8 23. Rac1 c5 24. Qg3 Nb8 25. Kf2 Nc6 26. Rg1 Nd4 27. Bh3 Rf8 28. Bxd4 cxd4 29. f4 Qd7 30. f5 Bg8 31. b3 Rc8 32. g5 Rc7 33. Rg2 b5 34. h5 bxc4 35. dxc4 d5 36. exd5 Bxd5 37. Rgg1 Ba8 38. h6 g6 39. fxg6 fxg5+ 40. Ke1 Rf5 41. g7+ Kg8 42. Bxf5 Qxf5 43. Rf1 Qe4+ 44. Kd1 Rc8 45. Qf2 Qf4 46. Qe2 Qh4 47. Qxe5 Qxh6 48. Rf8+ Rxf8 49. gxf8=Q+ Qxf8 50. Qxg5+ Kh8 51. Qe5+ Kg8 52. Qg5+ Kh8 53. Qe5+ Kg8 54. Qxd4 Bf3+ 55. Kd2 h5 56. Rg1+ Bg4 57. Qd5+ Kh8 58. Qe5+ Kh7 59. Qe4+ Kh8 60. Qd4+ Kh7 61. Qxa7+ Kg8 62. Qd4 Qa3 63. Qd8+ Kh7 64. Qc7+ Kg8 65. Qd8+ Kh7 66. Qc7+ Kg8 67. Qc8+ Kh7 68. Rxg4 Qxa2+ 69. Kc3 Qa1+ 70. Kb4 Qe1+ 71. Kb5 Qe5+ 72. Kb6 Qe3+ 73. Ka6 hxg4 74. Qxg4 Qxb3 75. Qd7+ Kg6 76. Qd6+ Kf7 77. c5 Qa4+ 78. Kb6 Qb4+ 79. Kc6 Qa4+ 80. Kc7 Qa7+ 81. Kc6 Qa6+ 82. Kc7 Qa7+ 83. Kd8 Qa8+ 84. Kd7 Qa7+ 85. Qc7 Qa4+ 86. c6 Qg4+ 87. Kd8+ Kg8 88. Qd7 Qg5+ 89. Kc8 Qb5 90. Qe6+ Kf8 91. c7 Qa5 92. Kd7 Qb5+ 93. Kd8 Qa5 94. Qd6+ Kg8 95. Ke7 Qg5+ 96. Qf6 Qc5+ 97. Kd7 Qb5+ 98. Kd8 Qd5+ 99. Kc8 Qa8+ 100. Kd7 Qd5+ 101. Qd6 Qb5+ 102. Kd8 Qg5+ 103. Ke8 Qh5+ 104. Ke7 Qg5+ 105. Ke6 Qg6+ 106. Kd5 Qd3+ 107. Kc6 Qa6+ 108. Kd5 Qb5+ 109. Ke4 Qc4+ 110. Kf5 Qf1+ 111. Qf4 Qb5+ 112. Kg4 Qd7+ 113. Kg3 Qd3+ 114. Kh4 Qh7+ 115. Kg3 Qd3+ 116. Kh2 Qc2+ 117. Kh3 Qd3+ 118. Qg3+ 1-0

[Event "DSOL 2021"]
[Site "Germany"]
[Date "2021.02.26"]
[Round "4.4"]
[White "Stellmacher, Nico"]
[Black "Kudria, Benno"]
[Result "1-0"]
[WhiteElo "1940"]
[BlackElo "1586"]
[Annotator "TA"]
[PlyCount "61"]
[EventDate "2021.01.18"]
[EventType "team-tourn"]
[EventCountry "GER"]
[SourceTitle "playchess.com"]
[Source "ChessBase"]
[SourceQuality "1"]
[WhiteTeam "TSG Taucha I"]
[BlackTeam "SK Rochade Augsburg"]

1. e4 e5 2. Nf3 Nc6 3. Bc4 Bc5 4. O-O Nf6 5. c3 Nxe4 6. d4 exd4 7. cxd4 Bb4 8. d5 Ne7 9. Qd4 Nf6 10. Bg5 Neg8 11. Nc3 Be7 12. Rae1 d6 13. Ne4 Kf8 14. Ng3 Bd7 15. Re2 h6 16. Bh4 g5 17. Nxg5 hxg5 18. Bxg5 Bg4 19. f3 Bh5 20. Rfe1 Bg6 21. Rxe7 Qxe7 22. Rxe7 Kxe7 23. Ne4 Bxe4 24. Qxe4+ Kf8 25. Qf5 Kg7 26. Bxf6+ Nxf6 27. Qg5+ Kf8 28. Qxf6 Rg8 29. Bd3 Re8 30. Kf2 Re7 31. h4 1-0

[Event "DSOL 2021"]
[Site "Germany"]
[Date "2021.02.23"]
[Round "4.4"]
[White "Lenze, Thomas"]
[Black "Kurley, Roman"]
[Result "0-1"]
[WhiteElo "1939"]
[BlackElo "1819"]
[Annotator "ChessBase"]
[PlyCount "108"]
[EventDate "2021.01.18"]
[EventType "team-tourn"]
[EventCountry "GER"]
[SourceTitle "playchess.com"]
[Source "ChessBase"]
[SourceQuality "1"]

1. e4 c6 2. d4 d5 3. Nd2 dxe4 4. Nxe4 Nf6 5. Nxf6+ exf6 6. Nf3 Bd6 7. Be2 O-O 8. O-O Qc7 9. h3 Bf5 10. Be3 Nd7 11. Bd3 Bxd3 12. Qxd3 Rad8 13. Qb3 Rfe8 14. Rfe1 c5 15. c3 a6 16. Rad1 b5 17. dxc5 Nxc5 18. Bxc5 Bxc5 19. Rxe8+ Rxe8 20. Qd5 g6 21. Qd7 Qxd7 22. Rxd7 Re2 23. Rd2 Bxf2+ 24. Kf1 Rxd2 25. Nxd2 Bc5 26. Nb3 Bb6 27. Ke2 Kf8 28. Kd3 Ke7 29. c4 bxc4+ 30. Kxc4 Kd6 31. Nc1 f5 32. Nd3 g5 33. a4 h5 34. b4 g4 35. a5 Be3 36. b5 axb5+ 37. Kxb5 f4 38. Ne1 f5 39. a6 Kd5 40. Nd3 f3 41. gxf3 gxf3 42. Nf4+ Ke4 43. Nxh5 f4 44. Nf6+ Kf5 45. Ng4 f2 46. Nh2 Kg5 47. Nf1 Kh4 48. Kc4 Kxh3 49. Kd3 Kg2 50. Ke2 Ba7 51. Nd2 Bb6 52. Kd3 Be3 53. Ke4 Bxd2 54. a7 f1=Q 0-1

[Event "DSOL 2021"]
[Site "Germany"]
[Date "2021.02.24"]
[Round "4.4"]
[White "Michel, Stephan"]
[Black "Michels, Fabio"]
[Result "0-1"]
[WhiteElo "1908"]
[BlackElo "1865"]
[Annotator "TA"]
[PlyCount "126"]
[EventDate "2021.01.18"]
[EventType "team-tourn"]
[EventCountry "GER"]
[SourceTitle "playchess.com"]
[Source "ChessBase"]
[SourceQuality "1"]

1. e4 c5 2. c3 d5 3. exd5 Qxd5 4. d4 Nf6 5. Nf3 Nc6 6. h3 Bf5 7. Be2 e6 8. Be3 cxd4 9. cxd4 Bb4+ 10. Nc3 O-O 11. O-O Qa5 12. Qb3 a6 13. Rfd1 Rfd8 14. a3 Bxc3 15. bxc3 b5 16. Rac1 Ne7 17. Ne5 Rac8 18. Bf3 Be4 19. Bg5 Bxf3 20. Nxf3 Ned5 21. Rc2 Rxc3 22. Bd2 Rxb3 23. Bxa5 Ra8 24. Rdc1 h6 25. Ra1 Ne4 26. Ne5 Nd6 27. Rc6 Ne4 28. Nd7 Nec3 29. Nc5 Ne2+ 30. Kf1 Nxd4 31. Rxa6 Rxa6 32. Nxa6 Nc2 33. Ra2 Rxa3 34. Rxa3 Nxa3 35. Bd2 Nc4 36. Be1 Kf8 37. Ke2 Ke8 38. Kd3 Kd7 39. Kd4 Kc6 40. Nb4+ Kd6 41. f3 e5+ 42. Ke4 Nf4 43. g3 Nxh3 44. f4 exf4 45. gxf4 g5 46. f5 f6 47. Bg3+ Ke7 48. Nd5+ Kf7 49. Kd4 Nd2 50. Nc7 b4 51. Kd3 Nf3 52. Nd5 Nhg1 53. Nxb4 h5 54. Ke3 h4 55. Bb8 Ne5 56. Nd5 Ngf3 57. Bc7 h3 58. Kf2 g4 59. Bd8 Nd3+ 60. Kg3 h2 61. Kg2 g3 62. Ne3 Nh4+ 63. Kh1 Nf2# 0-1

[Event "DSOL 2021"]
[Site "Germany"]
[Date "2021.02.25"]
[Round "4.4"]
[White "Lu, Siyuan"]
[Black "Brakemann, Werner"]
[Result "1-0"]
[WhiteElo "1876"]
[BlackElo "1607"]
[Annotator "NA RC"]
[PlyCount "121"]
[EventDate "2021.01.18"]
[EventType "team-tourn"]
[EventCountry "GER"]
[SourceTitle "playchess.com"]
[Source "ChessBase"]
[SourceQuality "1"]

1. e4 c6 2. d4 d5 3. Nc3 dxe4 4. Nxe4 Nd7 5. Nf3 Ngf6 6. Ng3 e6 7. Bf4 c5 8. Bd3 Qb6 9. O-O Bd6 10. dxc5 Bxc5 11. Rb1 O-O 12. Qe2 Nd5 13. Bd2 N7f6 14. a3 Qc7 15. Rfe1 Nf4 16. Bxf4 Qxf4 17. Rbd1 b6 18. Ne4 Be7 19. Nxf6+ Bxf6 20. Be4 Rb8 21. c3 Bb7 22. Rd7 Bxe4 23. Qxe4 Qxe4 24. Rxe4 a5 25. Kf1 Rfc8 26. Ke2 h6 27. Ne5 b5 28. Nd3 Kf8 29. f4 Rc4 30. Ke3 Rxe4+ 31. Kxe4 Be7 32. Ne5 f5+ 33. Kd4 Bf6 34. Kc5 b4 35. axb4 axb4 36. cxb4 Ke8 37. Ra7 g5 38. Rh7 gxf4 39. Nc6 Rc8 40. Rxh6 Bxb2 41. Rxe6+ Kf7 42. Re2 Bc1 43. b5 Be3+ 44. Kd5 Rc7 45. Rb2 Bb6 46. Kd6 Rc8 47. Ra2 Re8 48. Ra6 Re6+ 49. Kd7 Bc5 50. b6 Bxb6 51. Rxb6 Re2 52. Nd8+ Kg7 53. Ne6+ Kg8 54. Rb5 Rxg2 55. h3 f3 56. Rxf5 f2 57. Ke7 Kh7 58. Kf6 Kh6 59. Rf4 Rg6+ 60. Kf7 Rg2 61. Rh4# 1-0

[Event "DSOL 2021"]
[Site "Germany"]
[Date "2021.02.24"]
[Round "4.4"]
[White "Koop, Boerge"]
[Black "Schwingen, Dominik"]
[Result "0-1"]
[WhiteElo "1864"]
[BlackElo "1923"]
[Annotator "TA"]
[PlyCount "118"]
[EventDate "2021.01.18"]
[EventType "team-tourn"]
[EventCountry "GER"]
[SourceTitle "playchess.com"]
[Source "ChessBase"]
[SourceQuality "1"]

1. e4 e6 2. d4 d5 3. Nc3 Bb4 4. e5 c5 5. Qg4 Ne7 6. dxc5 Nbc6 7. Bb5 Bxc5 8. Nf3 Ng6 9. O-O Bd7 10. h4 h5 11. Qg3 Nd4 12. Bg5 Nxf3+ 13. Qxf3 Nxe5 14. Qg3 f6 15. Bf4 Ng4 16. Bc7 Nxf2 17. Rxf2 Bxf2+ 18. Kxf2 Qe7 19. Bd6 Qf7 20. Bd3 f5 21. Qe3 f4 22. Qxf4 Qxf4+ 23. Bxf4 O-O 24. Kg3 a6 25. Be5 Rac8 26. Rf1 Rxf1 27. Bxf1 Kf7 28. Bd3 Ke7 29. Kf4 Rf8+ 30. Ke3 Bc6 31. g3 Be8 32. Ne2 Bb5 33. Bxb5 axb5 34. Bxg7 Rg8 35. Be5 b4 36. Nf4 Rxg3+ 37. Kf2 Rg4 38. Kf3 Kf7 39. Nxh5 Rxh4 40. Nf4 Rh2 41. Ne2 Rh1 42. Ke3 Ra1 43. Nf4 Rxa2 44. Nd3 Kg6 45. Nxb4 Ra4 46. c3 Kf5 47. Kd4 Ra1 48. Bc7 Rd1+ 49. Kc5 Rd2 50. b3 Rd1 51. Nc2 Rc1 52. Nd4+ Ke4 53. Nb5 d4 54. Nd6+ Kd3 55. c4 Kc3 56. b4 d3 57. Ne4+ Kb3 58. b5 Rxc4+ 59. Kb6 Rxe4 0-1

[Event "DSOL 2021"]
[Site "Germany"]
[Date "2021.02.25"]
[Round "4.4"]
[White "Moeller, Jonas"]
[Black "Colbow, Collin"]
[Result "0-1"]
[WhiteElo "1848"]
[BlackElo "2339"]
[Annotator "TA"]
[PlyCount "77"]
[EventDate "2021.01.18"]
[EventType "team-tourn"]
[EventCountry "GER"]
[SourceTitle "playchess.com"]
[Source "ChessBase"]
[SourceQuality "1"]

1. e4 c5 2. Nf3 d6 3. d4 cxd4 4. Nxd4 Nf6 5. Nc3 Nc6 6. Be3 e5 7. Nb3 Be7 8. f3 O-O 9. Qd2 a5 10. Bb5 Be6 11. O-O-O Nb4 12. a3 d5 13. axb4 d4 14. Bxd4 exd4 15. Qxd4 Qxd4 16. Rxd4 Bxb3 17. cxb3 axb4 18. Nb1 Ra5 19. Be2 b5 20. Kd2 Ra2 21. Rd1 Rxb2+ 22. Ke1 Rxb3 23. Bxb5 Nh5 24. Bc4 Rb2 25. R4d2 Rxd2 26. Nxd2 Nf4 27. g3 Ne6 28. Nb3 Rc8 29. Bxe6 fxe6 30. Rc1 Ra8 31. Nd4 Bf6 32. Nxe6 Ra2 33. Rb1 Rxh2 34. Kd1 Bc3 35. Nc7 Rd2+ 36. Kc1 Rd3 37. Nd5 Rxf3 38. Nxb4 Rf1+ 39. Kc2 0-1

[Event "DSOL 2021"]
[Site "Germany"]
[Date "2021.02.23"]
[Round "4.4"]
[White "Belikan, Thomas"]
[Black "Stark, Klaus"]
[Result "0-1"]
[WhiteElo "1846"]
[BlackElo "1837"]
[Annotator "NA RC"]
[PlyCount "126"]
[EventDate "2021.01.18"]
[EventType "team-tourn"]
[EventCountry "GER"]
[SourceTitle "playchess.com"]
[Source "ChessBase"]
[SourceQuality "1"]

1. e4 c6 2. Nc3 d5 3. Nf3 Bg4 4. h3 Bxf3 5. Qxf3 e6 6. d3 Nf6 7. e5 Nfd7 8. Bf4 d4 9. Ne4 Qa5+ 10. Nd2 Nxe5 11. Qg3 Nbd7 12. Be2 Ng6 13. a3 e5 14. Bg5 h6 15. Bh4 Nxh4 16. Qxh4 Bb4 17. Rd1 Bxd2+ 18. Rxd2 O-O 19. g4 Qd5 20. Rg1 f6 21. Qh5 Qf7 22. Qf5 Nc5 23. b3 Ne6 24. h4 Nf4 25. Bf3 Qe7 26. h5 Qxa3 27. Be4 Qa1+ 28. Rd1 Qa5+ 29. Kf1 Rfd8 30. Qh7+ Kf8 31. Bg6 Qd5 32. Be4 Qg8 33. Qf5 Ke7 34. Re1 Qe6 35. Qh7 Qf7 36. Qf5 Rd6 37. Bf3 Qe6 38. Qh7 Qg8 39. Qf5 Ne6 40. Rg3 Ng5 41. Bg2 Qe6 42. Qg6 Qf7 43. Qf5 Rad8 44. Kg1 Re6 45. Kh2 Kd7 46. b4 Kc7 47. Ra1 a6 48. Be4 Qf8 49. f4 exf4 50. Qxf4+ Qd6 51. Qf5 Qxb4 52. Qg6 Qe7 53. Qf5 Nxe4 54. dxe4 Rxe4 55. Qa5+ Kb8 56. Qb6 Qc7 57. Qb4 Rxg4 58. Rag1 a5 59. Qb2 Rh4+ 60. Kg2 Qe5 61. Rxg7 Qe2+ 62. Kg3 Qh2+ 63. Kf3 Rf4# 0-1

[Event "DSOL 2021"]
[Site "Germany"]
[Date "2021.02.25"]
[Round "4.4"]
[White "Thieu, Nguyen Gia Bao"]
[Black "Kasims, Stefans"]
[Result "0-1"]
[WhiteElo "1839"]
[BlackElo "1590"]
[Annotator "NA RC"]
[PlyCount "74"]
[EventDate "2021.01.18"]
[EventType "team-tourn"]
[EventCountry "GER"]
[SourceTitle "playchess.com"]
[Source "ChessBase"]
[SourceQuality "1"]

1. e4 c5 2. Nf3 Nc6 3. d4 cxd4 4. Nxd4 Nf6 5. Nc3 e5 6. Ndb5 d6 7. Bg5 a6 8. Na3 b5 9. Nd5 Be7 10. Bxf6 Bxf6 11. c3 O-O 12. Be2 Bg5 13. O-O Ne7 14. Nxe7+ Qxe7 15. Nc2 Bb7 16. Bf3 a5 17. a4 bxa4 18. Rxa4 g6 19. Ne3 Bxe3 20. fxe3 Rfc8 21. Qd2 h5 22. Rd1 Ra6 23. Be2 Raa8 24. Qxd6 Qg5 25. Qb6 Rab8 26. Qa7 Bc6 27. Rc4 Rxb2 28. Bf3 Ra8 29. Qc5 Be8 30. Qd5 Qxe3+ 31. Kh1 Rab8 32. h3 Rb1 33. Qxe5 h4 34. Kh2 Qxf3 35. Rxb1 Qg3+ 36. Qxg3 hxg3+ 37. Kxg3 Rxb1 0-1

[Event "DSOL 2021"]
[Site "Germany"]
[Date "2021.02.22"]
[Round "4.4"]
[White "Hirschberg, Markus"]
[Black "Rupp, Markus"]
[Result "1/2-1/2"]
[WhiteElo "1837"]
[BlackElo "2255"]
[Annotator "TA"]
[PlyCount "45"]
[EventDate "2021.01.18"]
[EventType "team-tourn"]
[EventCountry "GER"]
[SourceTitle "playchess.com"]
[Source "ChessBase"]
[SourceQuality "1"]

1. e4 e6 2. d4 d5 3. Nc3 Bb4 4. e5 c5 5. a3 Bxc3+ 6. bxc3 Qc7 7. Qg4 f5 8. Qh5+ Qf7 9. Qxf7+ Kxf7 10. Nf3 h6 11. Rb1 c4 12. h4 g6 13. Rg1 Ne7 14. g4 Nbc6 15. a4 Bd7 16. Ba3 b6 17. Bh3 Rag8 18. Ke2 Na5 19. Rb4 Nec6 20. Rbb1 Rg7 21. Bc1 Ne7 22. Rb4 Nec6 23. Rb1 1/2-1/2

[Event "DSOL 2021"]
[Site "Germany"]
[Date "2021.02.25"]
[Round "4.4"]
[White "Kurbangulov, Viktor"]
[Black "Klueppel, Ralf"]
[Result "1-0"]
[WhiteElo "1836"]
[BlackElo "1596"]
[Annotator "NA RC"]
[PlyCount "85"]
[EventDate "2021.01.18"]
[EventType "team-tourn"]
[EventCountry "GER"]
[SourceTitle "playchess.com"]
[Source "ChessBase"]
[SourceQuality "1"]

1. d4 Nf6 2. c4 g6 3. Nc3 d5 4. cxd5 Nxd5 5. Bd2 Bg7 6. e4 Nb6 7. Be3 O-O 8. Nf3 Bg4 9. Be2 Na6 10. O-O c6 11. Rc1 Nc7 12. Na4 Nxa4 13. Qxa4 h6 14. h3 Bd7 15. Qb3 a6 16. Rfd1 e6 17. Bf4 b5 18. Ne5 g5 19. Nxd7 Qxd7 20. Be5 Rfc8 21. Bxg7 Kxg7 22. Qc3 Ne8 23. d5+ Kg8 24. dxc6 Qc7 25. Rd7 Qf4 26. Bf3 Rc7 27. g3 b4 28. gxf4 bxc3 29. Rxc3 gxf4 30. e5 Raa7 31. Rd8 Kf8 32. Rc4 Ke7 33. Rb8 Ng7 34. Rxf4 Nf5 35. Rb6 a5 36. Ra4 Ra8 37. Rb7 Kd8 38. Ra3 Kc8 39. Rd3 Ra7 40. Rd7 Nh4 41. Be4 Raxb7 42. cxb7+ Kb8 43. Rd8+ 1-0

[Event "DSOL 2021"]
[Site "Germany"]
[Date "2021.02.22"]
[Round "4.4"]
[White "Mader, Lena"]
[Black "Wilhelm, Rostislav-Paul"]
[Result "1-0"]
[WhiteElo "1831"]
[BlackElo "1881"]
[Annotator "NA RC"]
[PlyCount "133"]
[EventDate "2021.01.18"]
[EventType "team-tourn"]
[EventCountry "GER"]
[SourceTitle "playchess.com"]
[Source "ChessBase"]
[SourceQuality "1"]

1. c4 c5 2. Nc3 g6 3. g3 Bg7 4. Bg2 d6 5. Nf3 Nc6 6. O-O e5 7. d3 Nge7 8. a3 O-O 9. Rb1 a5 10. Bd2 h6 11. Ne1 Rb8 12. Nc2 Be6 13. Ne3 f5 14. Ned5 g5 15. b4 axb4 16. axb4 f4 17. e3 cxb4 18. Nxb4 Nxb4 19. Rxb4 d5 20. cxd5 Nxd5 21. Rb1 Qd7 22. Nxd5 Bxd5 23. Bxd5+ Qxd5 24. Qb3 Qxb3 25. Rxb3 f3 26. Rfb1 Rfd8 27. Ba5 Rd7 28. d4 exd4 29. exd4 g4 30. h3 h5 31. Bb6 Bxd4 32. Bxd4 Rxd4 33. Rb5 Kf7 34. Rxh5 b5 35. Rhxb5 Rxb5 36. Rxb5 Rd1+ 37. Kh2 Rf1 38. Rb2 Kf6 39. h4 Re1 40. Rb4 Kf5 41. Rf4+ Ke5 42. Rxg4 Re2 43. Rf4 Rxf2+ 44. Kh3 Rf1 45. Kg4 f2 46. Kh3 Ke6 47. Kg2 Rg1+ 48. Kxf2 Rd1 49. Kf3 Rd8 50. Kg4 Rg8+ 51. Kh3 Ke5 52. Rg4 Rh8 53. Rf4 Rg8 54. h5 Rg5 55. Kh4 Rg8 56. Rg4 Rh8 57. Rg6 Kf5 58. g4+ Ke5 59. g5 Kf5 60. Rf6+ Ke5 61. h6 Rh7 62. Kh5 Rh8 63. Rf7 Ke6 64. g6 Ra8 65. h7 Rh8 66. Kh6 Rc8 67. Kg7 1-0

[Event "DSOL 2021"]
[Site "Germany"]
[Date "2021.02.25"]
[Round "4.4"]
[White "Poggemann, Alexander"]
[Black "Mix, Clemens"]
[Result "1-0"]
[WhiteElo "1813"]
[BlackElo "1981"]
[Annotator "TA"]
[PlyCount "71"]
[EventDate "2021.01.18"]
[EventType "team-tourn"]
[EventCountry "GER"]
[SourceTitle "playchess.com"]
[Source "ChessBase"]
[SourceQuality "1"]

1. e4 c5 2. c3 Nf6 3. e5 Nd5 4. Nf3 Nc6 5. d4 cxd4 6. cxd4 d6 7. Bc4 Nb6 8. Bb3 dxe5 9. Nxe5 Nxe5 10. dxe5 Qxd1+ 11. Bxd1 g6 12. O-O Bg7 13. f4 O-O 14. Nc3 Bf5 15. Bf3 Rab8 16. b3 g5 17. Ba3 Rfe8 18. g3 gxf4 19. gxf4 Rec8 20. Rac1 Bh6 21. Ne2 Kf8 22. Rfd1 Bd7 23. Be4 Bc6 24. Bxh7 Bf3 25. Kf2 Bxe2 26. Kxe2 Bxf4 27. Rg1 Ke8 28. Rg8+ Kd7 29. Bf5+ e6 30. Rd1+ Kc6 31. Rd6+ Kc7 32. Rg7 Rf8 33. Rxe6 Nd7 34. Re7 Bxe5 35. Rxd7+ Kc6 36. Bxf8 1-0

[Event "DSOL 2021"]
[Site "Germany"]
[Date "2021.02.24"]
[Round "4.4"]
[White "Brkic, Tomislav"]
[Black "Wolf, Jonas"]
[Result "1/2-1/2"]
[WhiteElo "1800"]
[BlackElo "1882"]
[Annotator "NA RC"]
[PlyCount "99"]
[EventDate "2021.01.18"]
[EventType "team-tourn"]
[EventCountry "GER"]
[SourceTitle "playchess.com"]
[Source "ChessBase"]
[SourceQuality "1"]

1. d4 Nf6 2. Nf3 g6 3. c4 Bg7 4. Nc3 d5 5. Bg5 Ne4 6. Bf4 c6 7. e3 Qa5 8. Qb3 O-O 9. cxd5 cxd5 10. Qxd5 Qb4 11. Qb3 Qxb3 12. axb3 Bf5 13. h3 Rc8 14. Nxe4 Bxe4 15. Bc4 Nc6 16. Bxf7+ Kf8 17. Be6 Nb4 18. Bxc8 Rxc8 19. O-O a6 20. Rfc1 Rd8 21. Ng5 Bd5 22. Rc7 h6 23. Nf3 Bc6 24. Ne5 Bxe5 25. Bxe5 Nd5 26. Rxc6 bxc6 27. Rxa6 Rc8 28. e4 Nb4 29. Rb6 Nd3 30. f4 g5 31. g3 Nxe5 32. dxe5 gxf4 33. gxf4 Kf7 34. Kf2 h5 35. f5 h4 36. Kf3 Rg8 37. Rxc6 Rg3+ 38. Kf4 Rxh3 39. Rc3 Rh1 40. e6+ Kg7 41. Ke5 h3 42. b4 Rb1 43. Rxh3 Rxb2 44. Ra3 Rxb4 45. Ra7 Rb5+ 46. Kf4 Kf6 47. Rd7 Rb4 48. Rd3 Ra4 49. Rg3 Rxe4+ 50. Kxe4 1/2-1/2

[Event "DSOL 2021"]
[Site "Germany"]
[Date "2021.02.25"]
[Round "4.4"]
[White "Sabrowski, Uwe"]
[Black "Kuepper, Martin"]
[Result "1/2-1/2"]
[WhiteElo "1795"]
[BlackElo "2013"]
[Annotator "TA"]
[PlyCount "53"]
[EventDate "2021.01.18"]
[EventType "team-tourn"]
[EventCountry "GER"]
[SourceTitle "playchess.com"]
[Source "ChessBase"]
[SourceQuality "1"]

1. d4 g6 2. c4 Bg7 3. Nc3 c5 4. d5 d6 5. e4 e6 6. Bd3 Ne7 7. h3 O-O 8. Nf3 Nd7 9. O-O e5 10. Ne1 f5 11. f4 h6 12. Qe2 Nf6 13. fxe5 dxe5 14. Nf3 Nh5 15. Re1 f4 16. Rb1 a5 17. Qf2 b6 18. Bd2 g5 19. a3 a4 20. b4 axb3 21. Rxb3 Bd7 22. Reb1 Nc8 23. Ne2 Ba4 24. R3b2 Bd7 25. Rb3 Ba4 26. R3b2 Bd7 27. Rb3 1/2-1/2

[Event "DSOL 2021"]
[Site "Germany"]
[Date "2021.02.24"]
[Round "4.4"]
[White "Bussemer, Karsten"]
[Black "Danisch, Garvin"]
[Result "1/2-1/2"]
[WhiteElo "1794"]
[BlackElo "1620"]
[Annotator "NA RC"]
[PlyCount "86"]
[EventDate "2021.01.18"]
[EventType "team-tourn"]
[EventCountry "GER"]
[SourceTitle "playchess.com"]
[Source "ChessBase"]
[SourceQuality "1"]

1. d4 Nf6 2. Nf3 g6 3. Bf4 Bg7 4. h3 O-O 5. e3 d6 6. Bc4 Nbd7 7. O-O c5 8. c3 Nb6 9. Bb3 Re8 10. Na3 Bf5 11. Ng5 Rf8 12. dxc5 dxc5 13. Qxd8 Raxd8 14. Rad1 Bd3 15. Rfe1 c4 16. Bc2 Bxc2 17. Nxc2 h6 18. Nf3 Ne4 19. Rxd8 Rxd8 20. Bc7 Rd7 21. Bxb6 axb6 22. Na3 Nd6 23. Rd1 Rc7 24. Rd5 Rc5 25. Rxc5 bxc5 26. Nd2 b5 27. f3 h5 28. Kf2 f5 29. Ke2 Kf7 30. g4 hxg4 31. hxg4 fxg4 32. fxg4 Ke6 33. Kf3 Kd5 34. Nc2 Kc6 35. Ne4 Nxe4 36. Kxe4 b4 37. cxb4 Bxb2 38. bxc5 Kxc5 39. a4 Bc3 40. Kf4 Kb6 41. Ke4 Kc5 42. Kf4 Kb6 43. Ke4 Kc5 1/2-1/2

[Event "DSOL 2021"]
[Site "Germany"]
[Date "2021.02.23"]
[Round "4.4"]
[White "Mundt, Alexandra"]
[Black "Cmiel, Thorsten"]
[Result "0-1"]
[WhiteElo "1768"]
[BlackElo "2083"]
[Annotator "ChessBase"]
[PlyCount "124"]
[EventDate "2021.01.18"]
[EventType "team-tourn"]
[EventCountry "GER"]
[SourceTitle "playchess.com"]
[Source "ChessBase"]
[SourceQuality "1"]

1. e4 c5 2. Nf3 Nc6 3. d4 cxd4 4. Nxd4 Nf6 5. Nc3 h5 6. Be2 e5 7. Nb3 Bb4 8. Bg5 d5 9. exd5 Qxd5 10. O-O Qxd1 11. Nxd1 Be6 12. a3 Be7 13. Nc3 Nd5 14. Nxd5 Bxd5 15. Bxe7 Bxb3 16. Bd6 Bxc2 17. Bb5 O-O-O 18. Bxe5 Nxe5 19. Rac1 Rd2 20. Ba4 Nd3 21. Rxc2+ Rxc2 22. Bxc2 Nxb2 23. Bb3 f6 24. Bd5 Rd8 25. Bf3 g6 26. Rb1 Rd2 27. Kf1 f5 28. h3 b6 29. g4 hxg4 30. hxg4 Nd3 31. Be2 Nc5 32. Rc1 Kd8 33. gxf5 gxf5 34. Ke1 Ra2 35. Rc3 Ke7 36. Bc4 Ra1+ 37. Ke2 Kf6 38. Rh3 Rc1 39. Bb5 Rc2+ 40. Kf1 Ke5 41. Rh7 a6 42. Be8 Ne4 43. Rh6 Rxf2+ 44. Ke1 Rb2 45. a4 a5 46. Bf7 f4 47. Re6+ Kd4 48. Bg6 Nc5 49. Re8 f3 50. Rf8 f2+ 51. Kf1 Ke5 52. Rxf2 Rxf2+ 53. Kxf2 Nxa4 54. Ke3 Kd5 55. Kd3 Kc5 56. Kc2 Kb4 57. Kb1 Ka3 58. Ka1 b5 59. Bf7 b4 60. Kb1 b3 61. Be8 Nc3+ 62. Ka1 b2# 0-1

[Event "DSOL 2021"]
[Site "Germany"]
[Date "2021.02.23"]
[Round "4.4"]
[White "Schlueter, Robert"]
[Black "tool"]
[Result "1-0"]
[WhiteElo "1754"]
[BlackElo "1717"]
[Annotator "NA"]
[PlyCount "27"]
[EventDate "2021.01.18"]
[EventType "team-tourn"]
[EventCountry "GER"]
[SourceTitle "playchess.com"]
[Source "ChessBase"]
[SourceQuality "1"]

1. e4 e5 2. f4 exf4 3. Nf3 d6 4. Bc4 Bg4 5. d4 Bxf3 6. Qxf3 Qh4+ 7. g3 fxg3 8. Qxf7+ Kd8 9. Qxf8+ Kd7 10. Qf5+ Ke8 11. Bf7+ Kf8 12. Bxg8+ Kxg8 13. Qe6+ Kf8 14. O-O+ 1-0